000 00300nam a2200133 a 4500
001 000001849
005 20200929145729.0
008 090629s2001 sp 000 0 spa d
020 _a8492044292
245 0 0 _aGuía del cielo.
260 _aMadrid,
_c2001.
910 _aEn proceso
999 _c1726
_d1726
040 _aDO-SdBNP